000 00551nam a2200181 i 4500
001 38651
003 ES-MaACL
005 20250820063027.0
007 t|
008 030226s1887 sp ||||1| spa d
100 1 _aCamões, Luís de,
_d1524?-1580
_9181622
245 1 4 _aLos Lusiadas /
_cpor Luis de Camoes ; traducción al castellano por Lamberto Gil.
260 _aMadrid :
_bSucesores de Rivadeneyra,
_c1887.
300 _a456 p. ;
_c18 cm.
700 1 _aGil, Lamberto.
_956741
852 _aES-MaACL
_jF-13036
999 _c38651
_d38651